000 01369nam a2200337 a 4500
001 ebr10180362
003 CaPaEBR
006 m u
007 cr cn|||||||||
008 040928s2005 ne ab sb 001 0 eng
010 _z 2004046215
020 _z0120883929 (acid-free paper)
040 _aCaPaEBR
_cCaPaEBR
035 _a(OCoLC)648269999
043 _ax------
050 1 4 _aQE511
_b.C66 2005eb
082 0 4 _a551.1
_222
100 1 _aCondie, Kent C.
245 1 0 _aEarth as an evolving planetary system
_h[electronic resource] /
_cKent C. Condie.
260 _aAmsterdam ;
_aBoston :
_bElsevier Academic Press,
_cc2005.
300 _axiv, 447 p. :
_bill. (some col.), maps (some col.).
500 _aRev. ed. of: Plate tectonics and crustal evolution. 4th ed. 1997.
504 _aIncludes bibliographical references (p. 407-441) and index.
533 _aElectronic reproduction.
_bPalo Alto, Calif. :
_cebrary,
_d2013.
_nAvailable via World Wide Web.
_nAccess may be limited to ebrary affiliated libraries.
650 0 _aPlate tectonics.
651 0 _aEarth
_xCrust.
655 7 _aElectronic books.
_2local
700 1 _aCondie, Kent C.
_tPlate tectonics and crustal evolution.
710 2 _aebrary, Inc.
856 4 0 _uhttp://site.ebrary.com/lib/rucke/Doc?id=10180362
_zAn electronic book accessible through the World Wide Web; click to view
999 _c144537
_d144537